Gesetz des Slowakischen Nationalrates Nr.9/1992 Slg. über die Handels- und Industriekammern
Na minha lista:
| Formato: | Livro |
|---|---|
| Idioma: | alemão |
| Publicado em: |
Bratislava
Slowakische Handels- und Industriekammer
1992
|
| Edição: | 1. Aufl. |
| Assuntos: | |
| Tags: |
Sem tags, seja o primeiro a adicionar uma tag!
|
MARC
| LEADER | 00000nam a2200000 4500 | ||
|---|---|---|---|
| 001 | c005449 | ||
| 005 | 20221214085636.0 | ||
| 020 | |a 80-85588-00-5 | ||
| 041 | 0 | |a ger | |
| 044 | |a SK | ||
| 245 | 1 | 0 | |a Gesetz des Slowakischen Nationalrates Nr.9/1992 Slg. über die Handels- und Industriekammern |
| 250 | |a 1. Aufl. | ||
| 264 | 1 | |a Bratislava |b Slowakische Handels- und Industriekammer |c 1992 | |
| 300 | |a 15 s. | ||
| 610 | 2 | 0 | |a komory obchodné |
| 610 | 2 | 0 | |a Komory |
| 610 | 2 | 0 | |a priemysel |
| 610 | 2 | 0 | |a Slovensko |
| 610 | 2 | 0 | |a predpisy právne |
| 610 | 2 | 0 | |a 1992 |